00497nam a2200085Ia 4500008004100000245002600041300027000067650001600337856005800353170517s9999 xx 000 0 und d 4aThe Disappearing Male aThe Disappearing Male is about one of the most important, and least publicized, issues facing the human species: the toxic threat to the male reproductive system. The last few decades have seen steady and dramatic increases in the incidence of boys and young men... xTechnology. uhttp://topdocumentaryfilms.com/the-disappearing-male/